[Event "Olympiad-34"]
[Site "Istanbul"]
[Date "2000.11.02"]
[Round "6.1"]
[White "Kveinys, Aloyzas"]
[Black "Kotsur, Pavel"]
[Result "1/2-1/2"]
[WhiteElo "2522"]
[BlackElo "2589"]
[Annotator "Bangiev,A"]
[PlyCount "98"]
[EventDate "2000.10.28"]
[EventType "team-swiss"]
[EventRounds "14"]
[EventCountry "TUR"]
[SourceTitle "EXT 2001"]
[Source "ChessBase"]
[SourceDate "2000.11.22"]
[SourceVersion "1"]
[SourceVersionDate "2000.11.22"]
[SourceQuality "1"]
[WhiteTeam "Lithuania"]
[BlackTeam "Kazakhstan"]
[WhiteTeamCountry "LTU"]
[BlackTeamCountry "KAZ"]

1. d4 Nf6 2. c4 c5 3. d5 e6 4. Nc3 exd5 5. cxd5 d6 6. Nf3 g6 7. Bg5 Bg7 8. e3
O-O 9. Nd2 h6 10. Bh4 b6 $5 {Ein seltener, aber auch vielseitiger Zug; er
ermöglicht im Falle von 11.Nc4 den Zug Ba6; er bereitet das Manöver Nb8-a6-c7
vor; er soll auch im Falle von a7-a6 den weissen Blockadezug a4-a5 verhindern.}
11. Bc4 (11. Be2 Na6 12. O-O Nc7 13. e4 Qd7 $1) 11... a6 12. a4 Nbd7 {/\Ne5}
13. Be2 Re8 14. O-O g5 15. Bg3 Ne5 16. h3 (16. e4 Ng6 17. Qc2 Qe7) (16. Qb3 Rb8
) 16... Bf5 $5 17. Bxe5 {Der Anziehende beginnt damit den Kampf um die weissen
Felder im Zentrum, u.a. um das Feld f5, schwächt aber dabei die weissen Felder
im eigenen Lager.} (17. e4 Bg6) 17... Rxe5 18. Nc4 Re8 19. Bd3 Bxd3 (19... Bc8
20. Bc2 g4 $36) 20. Qxd3 Rb8 21. Nd2 (21. f4 g4) 21... Qc8 22. Rfc1 Qb7 {/\b5}
(22... g4 $6 23. e4 gxh3 24. gxh3 $132) 23. Nc4 {/\Nd6} (23. Rc2 b5) 23... Qd7
24. Na3 g4 $1 {[%mdl 640]} (24... Qb7 25. Rab1 {/\b4}) 25. Qxa6 (25. hxg4 Qxg4
(25... Nxg4 26. Qxa6 Qf5 27. Qe2 Qh5 28. Qf3) 26. Qxa6 Qh4 27. Qe2 Ng4 28. Qf3
Re5 $5 (28... Qh2+ 29. Kf1) 29. Nab5 (29. Nc4 Rg5 30. e4 Ne5 31. Nxe5 Bxe5 $17)
29... Rh5 30. g3 Ne5 31. Qg2 Qg4 $17) 25... gxh3 26. g3 Qf5 $36 27. Qf1 $8 Nxd5
(27... Ng4 {/\Qf3 gefolgt von h2} 28. Qe2 $8 h2+ 29. Kg2 Bxc3 30. Rxc3 Qxd5+
31. f3 (31. Qf3 Qxf3+ 32. Kxf3 f5 $17) 31... Qc6 $13) 28. Nab5 (28. e4 h2+ 29.
Kxh2 Qh5+ 30. Kg2 Nxc3 31. bxc3 Rxe4 $17) 28... Nxc3 29. bxc3 Rbd8 30. Ra2 $1 {
/\Kh2 gefogt von Qh3} h5 $1 (30... d5 31. Kh2 (31. Rd2 Re4) 31... Re5 32. Qxh3
Qf3 33. Qg2 Qg4 $36) 31. Rd2 (31. Kh2 h4 32. Qxh3 hxg3+ 33. Qxg3 Re6 $19) 31...
d5 (31... Re6 $1 32. Kh2 (32. c4 h4 $1) 32... h4 33. Rcd1 Rg6 $40) 32. Kh2 h4 {
[%mdl 128]} 33. Qxh3 hxg3+ 34. Kxg3 Qe5+ (34... Qe4 $5) 35. Kg2 Re6 36. Kf1 Qe4
37. Qg2 Qxa4 (37... Qc4+ $142 38. Re2 (38. Ke1 Qxa4) 38... Qxa4) 38. c4 $1 d4
39. Rd3 Rde8 40. exd4 cxd4 (40... Qxc4 $2 41. Qxg7+) 41. Nc7 Rg6 42. Rg3 Rxg3
43. Qxg3 Re5 44. Nd5 Re6 45. f4 f5 $6 (45... Qa5 $5 46. f5 Qd2) 46. Qd3 Qa2 47.
Re1 Rxe1+ 48. Kxe1 Qh2 49. Qxf5 Qg1+ 1/2-1/2

[Event "EU-ch 11th"]
[Site "Rijeka"]
[Date "2010.03.10"]
[Round "5"]
[White "Sargissian, Gabriel"]
[Black "Berg, Emanuel"]
[Result "0-1"]
[WhiteElo "2675"]
[BlackElo "2594"]
[Annotator "Berg,E"]
[PlyCount "80"]
[EventDate "2010.03.06"]
[EventType "swiss"]
[EventRounds "11"]
[EventCountry "CRO"]
[SourceTitle "CBM 136"]
[Source "ChessBase"]
[SourceDate "2010.05.18"]
[SourceVersion "1"]
[SourceVersionDate "2010.05.18"]
[SourceQuality "1"]

1. d4 Nf6 2. c4 c5 3. d5 e6 4. Nc3 exd5 5. cxd5 d6 6. Nf3 g6 7. h3 (7. Bf4 {
is a tricky move-order by White as Black will now have difficulties reaching
the position in the game.} {The main point is that White can answer} Bg7 {
with Qa4+!?} ({Black can also avoid complications by playing} 7... a6 8. a4 {
but only White can profit from this.}) 8. Qa4+ Bd7 9. Qb3 {Now Black is forced
either to put his queen to c7 in order to protect both b7 and d6 or to play
the risky pawn sacrifice 9...b5} Qc7 (9... b5 {leads to a sharp game where
Black gives a pawn in exchange for some initiative. The question is if it's
enough compensation for Black when White defends correctly. The latest top
level game Gelfand-Gashimov continued} 10. Bxd6 Qb6 11. Be5 O-O 12. e3 b4 13.
Nb1 a5 14. a4 Bg4 15. Nbd2 Nbd7 16. Bb5 Rfd8 17. Bg3 Bxf3 18. gxf3 {1/2-1/2
Gelfand,B (2761)-Gashimov,V (2759)/Linares ESP 2010/The Week in Chess 797 (54).
when White was holding a clear advantage having the pair of bishops and a full
extra pawn.}) 10. e4 $14 ({The tactics after} 10. Bxd6 $4 {simply don't work
for White because of} Qxd6 11. Qxb7 Qb6 {with the counterthreat against b2
winning a full piece and the game.} 12. Qxa8 Qxb2 13. Rb1 Qxc3+ 14. Nd2 O-O 15.
f3 Bh6 {0-1 Richter,H (2144)-Sepulveda,J (2241)/Las Condes 2005/EXT 2006}))
7... Bg7 8. Bf4 O-O {Now Black can do without ...a6 and use this tempo to a
better purpose.} 9. e3 {This setup became rather popular for White in Rijeka
where it occurred several times during the championship. White has a simple
path to follow, while for Black its rather hard to create counterplay.} Qe7 {
A relatively unusual move in this position, but it has a clear idea. Black
simply wants to protect his d6-pawn in order to play ...Nbd7 followed by..Ne8
and ...Ne5.} (9... a6 {is the main move, while the second choice}) (9... Na6 {
has also been played regularly.} 10. Nd2 Nc7 11. Nc4 Nfe8 12. a4 f5 13. Be2 b6
14. O-O Bb7 15. Bf3 Ba6 16. Qd3 Qf6 17. Rac1 Rb8 18. Rc2 Bc8 19. Rb1 Na6 20.
Na2 h5 21. Bh2 Rf7 22. b4 cxb4 23. Nxb4 Nxb4 24. Rxb4 Ba6 {Vovk,O (2145)
-Evertsson,L (2159)/Stockholm 2010/CBM 134 Extra/0-1 (38)}) (9... Re8 {is
unusual but was tried by Gashimov last year, however without sucess. The idea
is simplar to the ones with ...Qe7. Now Blacks is ready to play ...Nbd7 as
then Bxd6 can be met by ...Nb6 with counterplay against the d5-pawn.} 10. Nd2
Nbd7 11. Be2 Ne5 12. O-O a6 13. a4 $14 {1-0 Sokolov,I (2655)-Gashimov,V (2740)/
Mainz 2009/CBM 131 Extra (41)} {RR} Rb8 14. e4 Nfd7 15. Bh2 g5 16. f4 gxf4 17.
Bxf4 Nf8 18. Rf2 Nfg6 19. Be3 Bd7 20. a5 b5 21. axb6 Rxb6 22. Qc2 Qh4 23. Nf1
Reb8 24. Qc1 Rxb2 25. Rxa6 Bh6 26. Bxh6 Nd3 27. Qe3 Nxf2 28. Bg5 {Sokolov,I 
(2655)-Gashimov,V (2740)/Mainz 2009/CBM 131 Extra/1-0 (41)}) 10. Be2 Nbd7 $146
(10... a6 11. a4 Nbd7 12. O-O Nh5 13. Bh2 Bxc3 14. bxc3 Nhf6 15. c4 Ne4 16. Bd3
f5 17. Qc2 Nef6 18. Rab1 Re8 19. Nd2 a5 20. Rfe1 Ne5 {0-1 Sokolov,I (2650)
-Gonzalez Menendez,I (2405)/Leon 2008/CBM 127 Extra}) 11. O-O Ne8 $146 {
Preparing ...Ne5.} ({Black has also tried out} 11... Nh5 12. Bh2 f5 {with the
hope of a kingside attack. However objectively I do not trust this approach
for Black as he is not fully developed and ready. White should be able to hold
back Black's forces rather easily.} 13. Nd2 $14 {0-1 Yahya,M (2145)-Gozzoli,Y 
(2429)/Abu Dhabi 2004/CBM 103 (43)} (13. Nb5 $5 {is also a critcal move for
Black when after} Ne5 14. Nxe5 Bxe5 15. Bxe5 Qxe5 16. Bxh5 gxh5 17. Qxh5 $14 {
White has a healthy extra pawn.})) 12. a4 {Since Black has not yet played ...
a6 there was no hurry for White to play this move. But it might also be good
to forestall Black's ideas of ..Nc7 and ...a6-b5.} Ne5 {Black is ready to
exchange off some pieces in order to free himself from his slightly cramped
position.} 13. Nd2 {White decides to avoid the exchange of knights and plans
to redeploy this knight to the c4-square later on.} f5 {Black prepares a
kingside offensive with ...g5 and ...f4.} 14. Bg3 {White retreats with his
bishop in order to meet ...g5 with f4.} g5 ({I also considered playing} 14...
h5 {with the idea} 15. f4 Nd3 $5 16. Bxd3 Qxe3+ 17. Kh2 Qxd3 {winning a pawn,
but there was no need for White to play 15.f4.}) 15. f4 Ng6 ({Here too} 15...
Nd3 $5 {was possible, but now White gets good compensation for the pawn after}
16. Bxd3 Qxe3+ 17. Kh2 gxf4 (17... Qxd3 18. Rf3 Qd4 19. fxg5 f4 20. Bf2 Qe5)
18. Bxf4 Qxd3 19. Qb3 $44 {planning Nc4 with pressure against the d6-pawn.
Black has serious problems in activating his pieces.}) 16. Nc4 gxf4 17. exf4
Nf6 {An active way of playing. The N is heading for e4 in order to force an
exchange and open the diagonal for the bishop on c8.} (17... Nc7 {was a more
solid option, but also a passive one.}) 18. Bd3 (18. Bf3 Ne4 19. Re1) 18... Ne4
19. Bxe4 ({After} 19. Re1 {I had planned to play} Bd4+ 20. Kh2 Qg7 21. Nxe4 (
21. Bxe4 fxe4 22. Rxe4 {gives White an extra pawn, but Black has the pair of
bishops and an active position after} Bf5 23. Re1 Rad8 {with chances of
counterplay on the kingside.}) 21... fxe4 22. Bxe4 ({In case of} 22. Rxe4 Bf5
23. Re1 (23. Re2 Bg4 $1) 23... Bxd3 24. Qxd3 Nxf4 25. Qb3 Nh5 $36 {Black has a
strong initiative and chances of a kingside attack.}) 22... Nxf4 23. Nxd6 Bd7
$44 {Here I believe Black has reasonable compensation for the pawn he has
given up with all the pieces active and attacking chances aganst the white
king.} (23... Be5 {with the idea of a queen sacrifice on g3 doesn't work out.}
24. Nxc8 (24. Nc4 $16) 24... Qxg3+ 25. Kxg3 Ne2+ (25... Ng6+ 26. Kg4 Rf4+ 27.
Kh5 $18) 26. Kg4 Rf4+ 27. Kh5 Ng3+ 28. Kh6 $18)) 19... fxe4 20. Nb5 (20. f5 $5
{was a worthy alternative in order to open the diagonal for the bishop on g3.}
Bxf5 (20... Rxf5 21. Rxf5 Bxf5 22. Nxd6 Bd4+ 23. Kh1 Rf8 24. Qh5 {is good for
White as now Black cannot hold on to his e4-pawn.}) 21. Bxd6 (21. Nxd6) 21...
Qg5 $36 22. Kh1 (22. g4 $5) 22... e3 23. Bxf8 (23. Qe2 Rfe8) 23... Rxf8 {
Black has a strong passed pawn on e3, the pair of bishops and all pieces
active which can cause a dangerous attack against the white king in the near
future. However when playing the correct} 24. d6 Bd4 25. Nd5 {White seems to
get the upper hand, e.g.} Be4 26. Rxf8+ Kxf8 27. Qf1+ Kg8 28. Nc3 Bc6 29. Na5
$1 {when Black's activity is decreasing and White can be optimistic about the
future.}) 20... Nh4 $1 {A strong pawn sacrifice, that gives Black good
compensation in his pair of bishops, a strong passed e4-pawn and the weak
white pawn on d5.} 21. Nbxd6 (21. Ncxd6 Bd7 (21... Nf5 22. Nxf5 Bxf5 23. d6 Qf7
24. Bf2 b6)) 21... Bd4+ 22. Kh2 Nf5 23. Nxf5 (23. Nxc8 $2 Raxc8 $36 {[%csl Gf5]
also gives Black excellent compensation with the very strong knight on f5.})
23... Bxf5 24. Bf2 {White challenges the strong bishop on d4 and might also
start thinking of advancing the kingside pawns with g4 and f5 at some point.}
Qf6 ({The direct attempt} 24... e3 {looked interesting, but could soon
backfire. White gets the upper hand after} 25. Re1 Qe4 26. Bxe3 Bxe3 27. Nxe3
Qxf4+ 28. Kh1 $16 {when Black lacks compensation for the pawn.}) 25. Qb3 Bg6 {
The bishop is heading for f7 to put pressure against the d5-pawn. At the same
time the black queen threatens the f4-pawn.} 26. Bg1 (26. Bxd4 cxd4 27. Ne5 {
was worth considering, but giving Black two connected central passed pawns
does not usually feel right. However White has an active knight on e5 and is
controlling the black pawns for the moment. Perhaps Black should continue} Qd6
28. Qc4 Rxf4 $5 29. Rxf4 Qxe5 30. Raf1 Rd8 {when the two connected pawns at
least start looking a bit threatening for White.}) 26... Bf7 27. Ne3 (27. Qxb7
$2 Bxg1+ 28. Rxg1 (28. Kxg1 $4 Qd4+ {[%csl Rc4]}) 28... Qxf4+ 29. Kh1 (29. g3
Qf2+ 30. Rg2 Qd4 $15 {[%csl Rc4,Rd5]}) 29... e3 $36) (27. Ne5 Rad8 28. Rad1
Rxd5 29. Qxb7 Rfd8 $36) 27... b6 28. Ng4 Qg7 (28... Qd6 29. Rad1 $1 Bxd5 30.
Qg3 $16 {[%csl Rd4,Rg8]}) 29. f5 Rad8 (29... h5 $2 30. f6 Qg6 31. Bxd4 cxd4 32.
Ne5 Qg5 33. Qg3 Qxg3+ 34. Kxg3 $16) 30. f6 Qg6 31. Rf5 h5 32. Ne5 (32. h4 Rxd5
$1 33. Rxd5 Qxg4 $36 {[%cal Gf7b3]}) 32... Qxf5 $5 {An attempt to complicate
matters in time trouble.} ({Black could also play the solid} 32... Bxe5+ 33.
Rxe5 Qxf6 34. Qg3+ Kh7 35. Rxe4 Rxd5 {with a fairly level position.}) 33. Qg3+
Bg6 34. Nxg6 Kf7 $6 {With this move Black keeps the exchange, but White gets
more than enough counterplay.} ({During the game I also considered} 34... Qxf6
35. Nxf8+ Kxf8 {which looked playable, but didn't quite like my exposed king
position. Actually the position is a draw after the forced line} 36. Bxd4 cxd4
37. Kg1 Rxd5 38. Rf1 Rf5 39. Qb8+ Kg7 40. Rxf5 Qxf5 41. Qxa7+ Kg8 (41... Qf7 $6
42. Qxb6 {would only give White winning chances.}) 42. Qb8+ $11 (42. Qxb6 e3 {
doesn't bring White any winning chances.})) 35. Bxd4 ({After the game
Sargissian mentioned the line} 35. Nh8+ {leading to a forced draw after} Kxf6 (
35... Ke8 {is possible, but looks extremely risky for Black.} 36. Bxd4 cxd4 37.
f7+ {with a strong initiative for White and practically good winning chances,
although the engines seems to find a path to equality even here.}) 36. Bxd4+
cxd4 37. Rf1 $1 Qxf1 38. Qg6+ Ke5 39. Qe6+ Kf4 40. Qh6+ $1 $11) 35... Qxg6 36.
Qc7+ Kg8 37. Ra3 $2 {An error in time trouble.} ({White would be slightly
better playing the simple} 37. Bc3 Rxd5 38. Qxa7 $1 {when Black has to play
accurately to hold a draw.} Rg5 39. Rg1 Rxf6 $1 (39... Rf7 40. Qxb6 $16 {
[%csl Ga4]}) 40. Bxf6 Qxf6 41. Qa8+ Kg7 42. Qxe4 Qe5+ 43. Qxe5+ Rxe5 $14 {
White is a full pawn up, but the reduced material and Blacks's more active
rook gives him excellent drawing chances in this endgame.}) 37... Rxd5 38. h4
$4 {The decisive mistake.} ({After} 38. Rg3 Rg5 39. Rxg5 Qxg5 40. Bc3 {the
strong protected f6-pawn seems to be enough to hold the balance for White.
Black gets nowhere after} Rxf6 41. Qd8+ $1 Kf7 42. Qd7+ Kg6 43. Qe8+ Kf5 44.
Qe5+ {with perpetual checks.}) 38... e3 $1 {By sacrificing his pawn Black
clears the way for his rook to protect against the pin on the g-file.} 39. Bxe3
(39. Rxe3 Rxd4 40. Rg3 Rxh4+ 41. Kg1 Rg4 $19) 39... Qxf6 40. Bf4 Rf7 {Now
White cannot avoid material losses or the exchange of queens and decided to
resign. It was still possible to continue the fight for a few moves after} (
40... Rf7 41. Rg3+ Kh7 42. Bg5 Rxc7 43. Bxf6 Rf5 44. Bc3 {but the technical
task shouldn't be too difficult for Black here.}) 0-1

[Event "Gibraltar Masters 9th"]
[Site "Caleta"]
[Date "2011.01.30"]
[Round "6"]
[White "Bologan, Viktor"]
[Black "Rapport, Richard"]
[Result "1/2-1/2"]
[WhiteElo "2693"]
[BlackElo "2531"]
[Annotator "Bologan,V"]
[PlyCount "332"]
[EventDate "2011.01.25"]
[EventType "swiss"]
[EventRounds "10"]
[EventCountry "GGB"]
[SourceTitle "CBM 141"]
[Source "ChessBase"]
[SourceDate "2011.03.17"]
[SourceVersion "1"]
[SourceVersionDate "2011.03.17"]
[SourceQuality "1"]

1. d4 Nf6 2. c4 e6 3. Nc3 c5 4. d5 exd5 5. cxd5 d6 6. Nf3 g6 7. Bf4 Bg7 ({
The main reply is considered to be} 7... a6 8. a4 (8. e4 b5 9. Bd3 Bg7 10. O-O
O-O 11. h3 c4 12. Bc2 Re8 13. Re1 Bb7 14. Qd2 Qc7 15. Nd4 Qb6 16. Be3 Qc7 17.
Bh6 $14 {Manolache M - Ardelean Ge, 2011 ROM-ch}) 8... Bg7 9. h3 O-O 10. e3 Re8
(10... Qe7 11. Be2 h6 12. Nd2 Nbd7 13. O-O Rb8 14. Nc4 Ne8 15. a5 g5 16. Bh2
Ne5 17. Nb6 Bf5 18. Re1 Bg6 19. Ra3 Nd7 20. Rb3 Nxb6 21. Rxb6 Rd8 22. Nb1 f5
23. Na3 Rf7 24. Nc4 $16 {Riazantsev A - Lovkov R, 2010 European Rapid
Championship}) 11. Nd2 Nbd7 12. Be2 Ne5 13. O-O Nfd7 14. Re1 f5 15. Bh2 Nf6 16.
a5 g5 $6 {Riazantsev A - Grigoryan Av, 2011 Aeroflot Open A} 17. Bxe5 dxe5 (
17... Rxe5 18. Nf3 Re8 19. Nxg5 Ne4 20. Ne6 $1 $16) 18. e4 $1 f4 19. Nc4 $16)
8. Qa4+ Bd7 9. Qb3 Qc7 10. e4 Nh5 {Trying to get me out of my preparation.} (
10... O-O 11. Nd2 Nh5 12. Be3 Na6 13. Be2 Rab8 14. a4 Nb4 15. O-O Nf6 16. Nc4
a6 17. Bf4 Ne8 18. a5 Bb5 19. Nxb5 axb5 20. Nb6 Qe7 21. Bxb5 Qxe4 22. Bg3 Nc7
23. Bxd6 $16 {Rodshtein M - Van der Werf M, 2010 26th European Club Cup}) 11.
Be3 a6 (11... O-O 12. Nd2) 12. e5 $3 $146 {It took me a while to understand
that exactly at this point Black is miscoordinated: the knight on h5, the
bishop on d7... it is the perfect moment to attack in the centre.} b5 ({On} 
12... dxe5 {I was going to sacrifice another pawn} 13. d6 $1 Qxd6 14. Ne4 Qc6
15. Nfg5 O-O 16. Bc4 Nf4 17. O-O-O $16) 13. exd6 (13. a4 $1 {was stronger:}
bxa4 (13... b4 14. Ne4 $18) 14. exd6 Qa5 15. Nd2 $1 $16) 13... Qa5 14. Bd2 (14.
Bxc5 O-O 15. a3 Rc8 16. Qb4 Qd8) (14. Nd2 O-O 15. Be2 c4 16. Bxc4 bxc4 17. Qb7
Bf5 18. Qxa8 Bd3 {with some compensation for Black.}) 14... b4 15. Nd1 {
Now, controling the c4-square, White should be better; the only thing left is
development.} O-O 16. a4 $6 (16. a3 $5 $14) 16... Re8+ 17. Ne3 Nf4 (17... Bg4 {
!} 18. Be2 Nf4 19. Kd1 Nxe2 20. Nxg4 Nd7 $13) 18. g3 Nh3 19. Be2 (19. Bxh3 Bxh3
20. Ng5 c4 $1 $13) 19... Bb5 20. Kf1 $6 {Waste of time.} ({My first and right
intention was} 20. Rc1 Qxa4 21. Qxa4 Bxa4 22. Rxc5 a5 23. Nc4 $16) 20... Bxe2+
21. Kxe2 Qd8 22. Kf1 Nd7 23. Kg2 Ng5 24. Nxg5 Qxg5 25. Rad1 Qh5 26. Bc1 $2 {
I had to make the last move to finish my development.} (26. Rhe1 Ne5 27. Nc4
$16) 26... Bd4 $1 $13 {Now the situation became hot for me and I decided to
simplify things.} 27. Nc2 c4 28. Qf3 Qxf3+ 29. Kxf3 Ne5+ 30. Kg2 Bc5 31. Ne3 c3
32. bxc3 bxc3 33. f4 Nd7 34. Rd3 Bb4 35. Kf3 Rac8 36. Nc2 Bxd6 37. Be3 Nc5 38.
Bxc5 (38. Rxc3 Nxa4 39. Rc6 Rxc6 40. dxc6 Rc8 41. Nd4 Nc3 42. Rc1 Nd5 43. f5
$14) 38... Rxc5 39. Rb1 Rd8 40. Rb6 Bc7 41. Rxa6 Rdxd5 42. Rxd5 Rxd5 43. Rc6
Ba5 44. Ne3 Rd4 45. Nc4 Bd8 46. Nd6 Be7 47. Rc8+ Bf8 48. Ne4 Rxa4 49. Nxc3 Ra3
{=} 50. g4 Kg7 51. Ke4 Ra1 52. Nd5 Re1+ 53. Kf3 h6 54. h4 Be7 55. h5 $1 $14
gxh5 (55... Ba3 56. hxg6 fxg6 57. Rc7+ Kf8 58. Rc6 Kf7 $14) 56. gxh5 Re6 57.
Ne3 {Now with the square f5 I can torture my young opponent forever.} Ba3 58.
Nf5+ Kh7 59. Ra8 Bc5 60. Kg4 Rc6 61. Rd8 Re6 62. Rc8 Bd6 63. Rc4 Ba3 64. Nd4
Rb6 65. Rc7 Kg7 66. Nf5+ Kg8 67. Rc3 Bb4 68. Rc8+ Kh7 69. Ne3 Rd6 70. Rc7 Kg8
71. Rc4 Ba3 72. Kf3 Ra6 73. Rc2 Kh7 74. Ra2 Ra7 75. Nd5 Ra5 76. Nf6+ Kg7 77.
Ne4 Kf8 78. Ng3 Kg7 79. Kg4 Kh7 80. Nf5 Ra6 81. Nd4 Ra8 82. Nb5 Rg8+ 83. Kf5
Bc1 84. Nd6 Rb8 85. Ra7 $16 Rb4 86. Rxf7+ Kg8 87. Ke5 Ra4 88. Rf5 Ra5+ 89. Ke4
Ra4+ 90. Kf3 Ra3+ 91. Kg4 Ra4 92. Ne8 Bb2 93. Rc5 Bd4 94. Rc8 Kh7 95. Nd6 Be3
96. Rc7+ Kg8 97. Nc4 Bc1 98. Kf5 Kf8 99. Kf6 {Instead I had the forced win with
} (99. Ne5 $3 Rxf4+ 100. Ke6 Rf1 101. Nd7+ Kg8 102. Nf6+ Rxf6+ 103. Kxf6 $18)
99... Ra6+ 100. Ke5 Ra4 101. Rc6 Kg7 102. f5 Bg5 103. Rc7+ Kg8 104. Rc6 Kg7
105. Rc7+ Kg8 106. Kd5 (106. f6 Ra6 107. Rc8+ Kf7 108. Nd6+ $18) 106... Ra1
107. Ne5 Re1 108. Rc6 Bf4 109. Nd3 Rd1 110. Ke4 Bg5 111. Rg6+ Kf8 112. Ne5 Rf1
113. Nf3 Bc1 114. Rg2 Rh1 115. Rg1 $4 {Tiredness.} (115. Rc2 Ba3 116. Rc8+ Kf7
117. Rc7+ Ke8 118. Ke5 Kd8 119. Rh7 Rxh5 120. Ke6 $16) 115... Rxg1 116. Nxg1
Kf7 117. Ne2 {Now the position is a dead draw.} Bb2 118. Ng1 Kf6 119. Kf4 Bc1+
120. Kg4 Ke5 121. Ne2 Bd2 122. Ng1 Bc1 123. Nf3+ Kd5 124. Ne1 Be3 125. Nd3 Ke4
126. Nb4 Bg5 127. Na6 Kd5 128. Nc7+ Ke5 129. Ne6 Be7 130. Nf4 Bd6 131. Ng2 Be7
132. Ne3 Kd4 133. Nf1 Bg5 134. Nh2 Ke4 135. Nf3 Bf6 136. Nd2+ Kd3 137. Nb3 Kc4
138. Na5+ Kb5 139. Nb3 Kc4 140. Nc1 Kd4 141. Ne2+ Ke5 142. Nf4 Ke4 143. Ng6 Bg7
144. Ne7 Ke5 145. Nc6+ Kf6 146. Nb8 Ke7 147. Nc6+ Kd7 148. Nb4 Kd6 149. Kf4 Bc3
150. Nc2 Bd2+ 151. Ke4 Ke7 152. Ne3 Kf6 153. Nd5+ {The last trap.} Kf7 ({
It would work after} 153... Kg5 $4 154. f6 Bc1 155. f7 Ba3 156. Ke5 Kxh5 157.
Kf6 $18) 154. Ke5 Bc1 155. Nb6 Bb2+ 156. Kf4 Bc1+ 157. Ke4 Ke7 158. Nd5+ Kf7
159. Ne3 Kf6 160. Nc4 Ke7 161. Ke5 Bg5 162. Nd6 Bf6+ 163. Kd5 Bb2 164. Ne4 Kf7
165. Kc4 Be5 166. Kd3 Bb2 1/2-1/2